000 01045nam a22003137a 4500
001 BR8105654
003 BR-BrBNA
005 20230928091042.0
007 ta
008 230509b bl.||||| |||| 00| 0 por d
040 _aBR-BrBNA
_bpor
_cBiblioteca Nacional de Agricultura
041 _a(Por)
072 _aF26
_b/G514
090 _ F26 BR8105654
110 1 _aSecretaria Nacional de Planejamento Agricola, Brasilia, DF (Brasil)
_99209
245 1 _aAptidao agricola das terras do Parana. Estudos basicos para o planejamento agricola [Brasil]
_bAptidao Agricola das Terras - 21
260 3 _aBrasilia, DF (Brasil):
_bBiblioteca Nacional de Agricultura,
_c1981.
300 _a138 p.
500 _a20 tables; 10 GRAPHS; Bibliography p. 135-138 (53 ref.); 4 Maps, scale 1:600,000
650 _aSOLO
650 _aRECURSO DO SOLO
650 _aMANEJO
650 _aAPTIDAO AGRICOLA
650 _aCLASSIFICACAO DO SOLO
650 _aFERTILIDADE DO SOLO
650 _aPARANA
909 _a202309
_bLucia
_c55
_dLucia Elande
942 _cBK
999 _c31964
_d31964